[Event "3o Piacenza Chess Festival - Open A"]
[Site "Piacenza ITA"]
[Date "2025.10.25"]
[Round "3.4"]
[White "DI BARTOLOMEO, Adrian Mikail"]
[Black "MAGLIONI, Leonardo"]
[Result "1/2-1/2"]
[WhiteElo "2076"]
[BlackElo "2103"]
[PlyCount "48"]
[EventDate "2025.10.24"]

1. d4 Nf6 2. Nf3 g6 3. c4 Bg7 4. Nc3 d5 5. cxd5 Nxd5 6. e4 Nxc3 7. bxc3 c5 8.
Rb1 O-O 9. Be2 cxd4 10. cxd4 Qa5+ 11. Qd2 Qxd2+ 12. Bxd2 Nc6 13. d5 Ne5 14.
Nxe5 Bxe5 15. O-O Bd6 16. Bc3 b6 17. Bd4 e5 18. Be3 f5 19. f3 Bd7 20. Rfc1 Rac8
21. Ba6 Rxc1+ 22. Rxc1 Kg7 23. Rc3 h6 24. h3 f4 1/2-1/2

[Event "3o Piacenza Chess Festival - Open A"]
[Site "Piacenza ITA"]
[Date "2025.10.25"]
[Round "3.5"]
[White "OLUKA, Robert Mcligeyo"]
[Black "CASADIO, Niccolo'"]
[Result "0-1"]
[WhiteElo "2090"]
[BlackElo "2186"]
[PlyCount "86"]
[EventDate "2025.10.24"]

1. c4 Nf6 2. g3 g6 3. Bg2 Bg7 4. Nc3 O-O 5. e4 d6 6. Nge2 c5 7. d3 Nc6 8. O-O
a6 9. h3 Rb8 10. a4 Ne8 11. f4 Nc7 12. Be3 Ne6 13. Bf2 Ned4 14. Nxd4 Nxd4 15.
Ne2 Nxe2+ 16. Qxe2 b5 17. cxb5 axb5 18. e5 Bd7 19. a5 Qc8 20. Kh2 b4 21. Rfc1
Qa6 22. Qd2 Rfc8 23. d4 c4 24. Qe2 Bb5 25. Qe1 Bc6 26. Bxc6 Qxc6 27. a6 d5 28.
Ra5 e6 29. Rca1 Bf8 30. Qd1 c3 31. bxc3 Qxc3 32. Qe1 Qc4 33. R5a4 Qb5 34. Ra5
Qb6 35. Qe2 Rc4 36. a7 Ra8 37. Qb2 b3 38. Ra6 Qb7 39. Qb1 Qb4 40. Qe1 Rc2 41.
Qxb4 Bxb4 42. Kg2 b2 43. Rb1 Bc3 0-1

[Event "3o Piacenza Chess Festival - Open A"]
[Site "Piacenza ITA"]
[Date "2025.10.25"]
[Round "3.6"]
[White "MAMMI, Ottavio"]
[Black "BERGAMASCHI, Elia"]
[Result "1/2-1/2"]
[WhiteElo "2182"]
[BlackElo "2061"]
[PlyCount "74"]
[EventDate "2025.10.24"]

1. e4 e5 2. Nf3 Nf6 3. Nc3 Nc6 4. d4 exd4 5. Nxd4 Bb4 6. Nxc6 bxc6 7. Bd3 h6 8.
O-O O-O 9. e5 Bxc3 10. bxc3 Nd5 11. Bd2 d6 12. c4 Nb6 13. exd6 cxd6 14. Qf3 d5
15. cxd5 cxd5 16. Bc3 Qh4 17. Rab1 Be6 18. Rb4 Nc4 19. Qg3 Qxg3 20. hxg3 Rfc8
21. Bd4 a5 22. Rb7 Nd6 23. Rb3 Nc4 24. Re1 Kf8 25. f4 Nd2 26. Rb5 g6 27. Bxg6
Ne4 28. Bxe4 dxe4 29. Rxe4 Rxc2 30. a3 Rd8 31. Rxa5 Bd5 32. Bf6 Bxe4 33. Bxd8
Rxg2+ 34. Kf1 Rxg3 35. Bc7 f5 36. Kf2 Rf3+ 37. Ke2 Ke8 1/2-1/2

[Event "3o Piacenza Chess Festival - Open A"]
[Site "Piacenza ITA"]
[Date "2025.10.25"]
[Round "3.7"]
[White "BONADE', Massimo"]
[Black "DIONIGI, Riccardo"]
[Result "0-1"]
[WhiteElo "2011"]
[BlackElo "2071"]
[PlyCount "154"]
[EventDate "2025.10.24"]

1. e4 c6 2. d4 d5 3. e5 Bf5 4. h4 h5 5. Bd3 Bxd3 6. Qxd3 Qa5+ 7. Nd2 e6 8. Ngf3
Nh6 9. O-O Nf5 10. c4 Qa6 11. b3 Be7 12. g3 Nd7 13. Qb1 O-O 14. Rd1 g6 15. Bb2
dxc4 16. Nxc4 Nb6 17. Nxb6 axb6 18. Qe4 Kg7 19. Kg2 Rad8 20. Nd2 Rd5 21. Nc4
Rfd8 22. Qf3 Bxh4 23. Ne3 Nxe3+ 24. fxe3 Bg5 25. Rf1 R5d7 26. Rf2 Qd3 27. Re1
Ra8 28. Bc1 b5 29. Rd1 Qf5 30. Qe2 Qe4+ 31. Qf3 Qxf3+ 32. Kxf3 c5 33. Ke4 Rad8
34. Bb2 cxd4 35. exd4 Rc8 36. d5 Rxd5 37. Rxd5 exd5+ 38. Kxd5 Kg8 39. Re2 Rc6
40. Bd4 Bd8 41. Bc5 Re6 42. Bd6 Bb6 43. Rc2 Kg7 44. Rc8 Bf2 45. Bf8+ Kh7 46.
Rc3 Be1 47. Rf3 Kg8 48. Bd6 Kg7 49. Re3 Bf2 50. Rf3 Bb6 51. Rf4 Be3 52. Rf3 Bg1
53. Rf1 Bb6 54. Rf4 g5 55. Rf3 Rg6 56. Be7 Kg8 57. Bf6 h4 58. gxh4 g4 59. Rc3
Kh7 60. Bg5 Bf2 61. Ke4 Rc6 62. Rd3 Be1 63. Rd7 Kg8 64. Bf6 g3 65. h5 Rc8 66.
Kf3 Rc3+ 67. Kg2 Rc2+ 68. Kg1 Kh7 69. Rxf7+ Kh6 70. e6 Bb4 71. Bd4 Re2 72. Rxb7
Bd6 73. Bg7+ Kxh5 74. Rxb5+ Kg4 75. Rd5 Bf4 76. Rd1 Be3+ 77. Kf1 Rf2+ 0-1

[Event "3o Piacenza Chess Festival - Open A"]
[Site "Piacenza ITA"]
[Date "2025.10.25"]
[Round "3.8"]
[White "PIN, Orlando"]
[Black "FRANZA, Marco"]
[Result "1-0"]
[WhiteElo "1955"]
[BlackElo "2088"]
[PlyCount "93"]
[EventDate "2025.10.24"]

1. e4 c5 2. Nf3 d6 3. d4 cxd4 4. Nxd4 Nf6 5. Nc3 Nc6 6. Bg5 e6 7. Qd3 Bd7 8.
O-O-O a6 9. Nxc6 Bxc6 10. f4 b5 11. Qd4 Be7 12. Be2 Qa5 13. Bf3 O-O 14. e5 dxe5
15. fxe5 Nd5 16. Bxe7 Nxe7 17. Bxc6 Nxc6 18. Qe4 Rac8 19. Rd6 b4 20. Rxc6 bxc3
21. Rxc8 Rxc8 22. Qb7 Qc5 23. b4 Qc4 24. Rd1 h6 25. Kb1 Kh7 26. Qb6 Qe2 27. Qd4
g6 28. Qd3 Qxe5 29. Qxa6 Rd8 30. Rf1 Kg7 31. Qc4 Rd2 32. a4 Rxg2 33. Rxf7+ Kxf7
34. Qf1+ Kg7 35. Qxg2 Qe1+ 36. Ka2 Qd2 37. Qe4 h5 38. Kb3 Qxh2 39. Qxe6 Qg3 40.
a5 h4 41. a6 Qc7 42. Qc4 Qa7 43. Qxh4 Qxa6 44. Qd4+ Kf7 45. Qc4+ Qxc4+ 46. Kxc4
g5 47. Kxc3 1-0

[Event "3o Piacenza Chess Festival - Open A"]
[Site "Piacenza ITA"]
[Date "2025.10.25"]
[Round "3.9"]
[White "BOSI, Clint"]
[Black "BALDI, Matteo"]
[Result "1/2-1/2"]
[WhiteElo "2067"]
[BlackElo "2008"]
[PlyCount "118"]
[EventDate "2025.10.24"]

1. d4 Nf6 2. c4 e6 3. g3 Bb4+ 4. Bd2 a5 5. Bg2 d6 6. Nf3 Nbd7 7. O-O e5 8. Nc3
O-O 9. Nb5 Bxd2 10. Qxd2 Re8 11. Qc2 exd4 12. Nfxd4 Ne5 13. b3 c6 14. Nc3 Qc7
15. Rad1 Bd7 16. Rd2 Rad8 17. Rfd1 h6 18. Qb2 Be6 19. e4 Qb6 20. h3 Bc8 21. Kh2
Ng6 22. Nc2 Ne5 23. Ne3 Qc7 24. Qa3 Re6 25. f4 Ned7 26. Rxd6 Rxd6 27. Qxd6 Qb6
28. Qd4 Qb4 29. e5 Nh7 30. Ne4 Nhf8 31. Nd6 Nc5 32. Nc2 Qb6 33. Qe3 Bf5 34. Nd4
Bh7 35. Ne2 Qb4 36. Rd2 Nfe6 37. Nc3 a4 38. Nce4 Nxe4 39. Bxe4 Bxe4 40. Nxe4
Rxd2+ 41. Qxd2 Qa3 42. f5 Nc5 43. Nxc5 Qxc5 44. e6 fxe6 45. fxe6 Qe5 46. Qd8+
Kh7 47. Qd3+ Kg8 48. bxa4 Qxe6 49. Kg2 Qe5 50. Qc2 Qa5 51. c5 Kh8 52. h4 Qb4
53. Kf3 Qd4 54. Kg2 Qd5+ 55. Kh2 Qd4 56. Kh3 Qd7+ 57. g4 Qd4 58. h5 Qe3+ 59.
Kg2 Qf4 1/2-1/2

[Event "3o Piacenza Chess Festival - Open A"]
[Site "Piacenza ITA"]
[Date "2025.10.25"]
[Round "3.10"]
[White "TRAMALLONI, Luca"]
[Black "MANGILI, Gabriele"]
[Result "0-1"]
[WhiteElo "1973"]
[BlackElo "1984"]
[PlyCount "88"]
[EventDate "2025.10.24"]

1. d4 Nf6 2. c4 e6 3. Nf3 Bb4+ 4. Bd2 a5 5. Nc3 O-O 6. g3 d6 7. Bg2 Nbd7 8. Qc2
e5 9. O-O Re8 10. a3 Bxc3 11. Bxc3 Qe7 12. e3 e4 13. Nd2 d5 14. b4 b6 15. b5
Bb7 16. Bb2 Rac8 17. a4 Qe6 18. c5 c6 19. Nb3 Ra8 20. Rfc1 Rec8 21. Qc3 Ra7 22.
cxb6 Nxb6 23. Nc5 Qe8 24. Nxb7 Rxb7 25. Bh3 Nc4 26. Bxc8 Qxc8 27. Kg2 cxb5 28.
axb5 h5 29. Rxa5 Qf5 30. Ra8+ Kh7 31. Ba3 Qf3+ 32. Kg1 h4 33. Qe1 Ng4 34. Rb1
Nd2 35. h3 Nxb1 36. hxg4 Rxb5 37. Bc1 h3 38. Qf1 Qxg4 39. Kh2 Nc3 40. Qxh3+
Qxh3+ 41. Kxh3 Rb1 42. Bd2 Nd1 43. Ra7 Rb2 44. Be1 Re2 0-1

[Event "3o Piacenza Chess Festival - Open A"]
[Site "Piacenza ITA"]
[Date "2025.10.25"]
[Round "3.11"]
[White "SPECIALE, Francesco"]
[Black "CANOVA, Luca"]
[Result "0-1"]
[WhiteElo "1972"]
[BlackElo "1998"]
[PlyCount "72"]
[EventDate "2025.10.24"]

1. d4 Nf6 2. c4 e6 3. Nc3 c5 4. d5 exd5 5. cxd5 d6 6. e4 a6 7. a4 g6 8. Bd3 Bg7
9. Nge2 O-O 10. Ng3 Ng4 11. h3 Ne5 12. Be2 h5 13. O-O h4 14. Nh1 f5 15. f4 Nf7
16. Nf2 Bd4 17. Kh1 Qf6 18. Qc2 Re8 19. Bd3 Nh6 20. Ne2 Bxf2 21. Rxf2 fxe4 22.
Bxe4 Bf5 23. Bxf5 Nxf5 24. Ra3 Nd7 25. Bd2 Qf7 26. Nc3 Nf6 27. Qb3 Re7 28. Ra1
Rae8 29. Kg1 Nh5 30. Rff1 Qf6 31. Qc4 Qd4+ 32. Qxd4 cxd4 33. Nd1 Nhg3 34. Nf2
Nxf1 35. Kxf1 Ng3+ 36. Kg1 Re2 0-1

[Event "3o Piacenza Chess Festival - Open A"]
[Site "Piacenza ITA"]
[Date "2025.10.25"]
[Round "4.1"]
[White "HERCEGOVAC, Neven"]
[Black "NIKOLOVSKI, Nikola"]
[Result "1-0"]
[WhiteElo "2287"]
[BlackElo "2402"]
[PlyCount "95"]
[EventDate "2025.10.24"]

1. e4 d5 2. exd5 Nf6 3. Nf3 Nxd5 4. d4 Bg4 5. c4 Nb6 6. c5 N6d7 7. Be2 e6 8.
Qb3 b6 9. O-O Be7 10. Rd1 O-O 11. Nc3 c6 12. Bf4 Qc8 13. Ne4 bxc5 14. Nd6 Bxd6
15. Bxd6 c4 16. Bxc4 Rd8 17. Bg3 Nb6 18. Be2 N8d7 19. Rac1 Qb7 20. Rd2 a5 21.
h3 Bf5 22. Ne5 Be4 23. Bh5 Bd5 24. Qd1 f6 25. Nf7 Rf8 26. Nd6 Qa6 27. Be2 Qa7
28. Bf3 f5 29. Bxd5 Nxd5 30. Qe2 Rf6 31. Be5 Nxe5 32. Qxe5 Qd7 33. a3 Rd8 34.
Nc4 f4 35. Qe4 Rdf8 36. Ne5 Qe8 37. Nf3 a4 38. Rdc2 Ne7 39. Rc4 g5 40. Rxa4 Qh5
41. Ra7 Nf5 42. Rxc6 g4 43. hxg4 Qxg4 44. Rxe6 Rxe6 45. Qxe6+ Kh8 46. Rf7 Rxf7
47. Qxf7 h6 48. Ne5 1-0

[Event "3o Piacenza Chess Festival - Open A"]
[Site "Piacenza ITA"]
[Date "2025.10.25"]
[Round "4.2"]
[White "MARZATICO, Luca"]
[Black "ROSTALNYI, Kyrylo"]
[Result "0-1"]
[WhiteElo "2087"]
[BlackElo "2079"]
[PlyCount "156"]
[EventDate "2025.10.24"]

1. d4 Nf6 2. c4 e6 3. Nf3 d5 4. g3 dxc4 5. Bg2 a6 6. a4 Nc6 7. O-O Rb8 8. Bg5
h6 9. Bxf6 Qxf6 10. e4 e5 11. Nc3 Bg4 12. Nd5 Qd8 13. Ne3 Bxf3 14. Bxf3 Nxd4
15. Nxc4 Bd6 16. Bg2 Qe7 17. Ne3 O-O 18. h4 Rfd8 19. Nd5 Qf8 20. Bh3 b5 21. Qg4
Kh8 22. axb5 axb5 23. Ra7 Ra8 24. Rfa1 Rxa7 25. Rxa7 Ra8 26. Rb7 Ra1+ 27. Kg2
Qa8 28. Qc8+ Qxc8 29. Bxc8 Rc1 30. Bd7 Rc2 31. Be8 Kg8 32. Ne3 Rxb2 33. Rb8 g6
34. Nc4 bxc4 35. Rxb2 c3 36. Rb8 c6 37. Rc8 c5 38. Ba4+ Bf8 39. f4 c2 40. Bxc2
Nxc2 41. fxe5 Nd4 42. Kf2 Kg7 43. Ke3 Ne6 44. g4 Be7 45. h5 Bg5+ 46. Kd3 gxh5
47. gxh5 Bf4 48. Kc4 Bxe5 49. Kd5 Bd4 50. e5 Nf4+ 51. Kd6 Nxh5 52. e6 fxe6 53.
Kxe6 Kg6 54. Rg8+ Ng7+ 55. Kd5 Kf5 56. Rh8 h5 57. Rh7 Kg4 58. Ke4 h4 59. Rh6
Kg3 60. Rg6+ Kh2 61. Kf3 Kh3 62. Rb6 Nf5 63. Rb1 Ng3 64. Rc1 Kh2 65. Rc2+ Kg1
66. Rc1+ Kh2 67. Rc2+ Kh1 68. Rc1+ Bg1 69. Rc2 Nf1 70. Re2 Ne3 71. Re1 h3 72.
Kg3 h2 73. Rc1 Nf5+ 74. Kh3 Nd6 75. Rd1 Ne4 76. Rc1 Nf2+ 77. Kg3 Nd3 78. Rc3
Bf2+ 0-1

[Event "3o Piacenza Chess Festival - Open A"]
[Site "Piacenza ITA"]
[Date "2025.10.25"]
[Round "4.3"]
[White "DIONIGI, Riccardo"]
[Black "TIRELLI, Mauro"]
[Result "0-1"]
[WhiteElo "2071"]
[BlackElo "2261"]
[PlyCount "90"]
[EventDate "2025.10.24"]

1. d4 g6 2. c4 Bg7 3. Nc3 d6 4. e4 Nf6 5. Be2 O-O 6. Bg5 c5 7. d5 e6 8. Qd2
exd5 9. cxd5 Re8 10. f3 Na6 11. Nh3 Bxh3 12. gxh3 Nc7 13. O-O Qd7 14. Kg2 b5
15. Rae1 a5 16. Nd1 a4 17. Nf2 a3 18. b3 Na6 19. Bd3 Nb4 20. Bb1 Nh5 21. Ng4 f6
22. Bh4 Kh8 23. f4 Qf7 24. f5 g5 25. Bg3 Bf8 26. h4 Nxg3 27. hxg3 gxh4 28. Rh1
Qg7 29. Rxh4 Qg5 30. Qc3 Bg7 31. Reh1 Kg8 32. Kf3 Nxa2 33. Bxa2 Rxe4 34. Kxe4
Re8+ 35. Kf3 Qxf5+ 36. Kg2 Re2+ 37. Kh3 h5 38. Bb1 hxg4+ 39. Rxg4 Qh5+ 40. Rh4
Qxd5 41. Rh2 Qe6+ 42. Bf5 Qxf5+ 43. g4 Qf1+ 44. Kg3 Qg1+ 45. Kf3 Rxh2 0-1

[Event "3o Piacenza Chess Festival - Open A"]
[Site "Piacenza ITA"]
[Date "2025.10.25"]
[Round "4.4"]
[White "CASADIO, Niccolo'"]
[Black "DI BARTOLOMEO, Adrian Mikail"]
[Result "1-0"]
[WhiteElo "2186"]
[BlackElo "2076"]
[PlyCount "97"]
[EventDate "2025.10.24"]

1. e4 e5 2. Nf3 Nc6 3. Bc4 Bc5 4. O-O d6 5. c3 Nf6 6. d4 Bb6 7. dxe5 Nxe5 8.
Nxe5 dxe5 9. Qc2 O-O 10. Bg5 Qe7 11. Kh1 Be6 12. Na3 h6 13. Bh4 Bxc4 14. Nxc4
Qe6 15. b3 Bc5 16. Bg3 Nh5 17. Rad1 b5 18. Rd5 bxc4 19. Rxc5 cxb3 20. axb3
Nxg3+ 21. hxg3 c6 22. Ra1 Rfd8 23. b4 Rd7 24. Raa5 f6 25. Qa2 Qxa2 26. Rxa2 Rc8
27. Ra6 Rdc7 28. Kg1 Kf8 29. Kf1 Ke7 30. Ke2 Kd7 31. Rca5 Ra8 32. Rc5 Rb8 33.
Rca5 Rbb7 34. Kd3 Ke7 35. Kc4 Kd6 36. g4 g6 37. g3 Re7 38. Rd5+ Kc7 39. Rc5 Re6
40. Rca5 Rd6 41. Rxa7 Rd2 42. Kc5 Rxf2 43. R5a6 Kb8 44. Ra8+ Kc7 45. Rxc6+ Kd7
46. Rg8 Rc2 47. Rg7+ Kd8 48. Rxb7 Rxc3+ 49. Kd6 1-0

[Event "3o Piacenza Chess Festival - Open A"]
[Site "Piacenza ITA"]
[Date "2025.10.25"]
[Round "4.5"]
[White "PISKOV, Yury"]
[Black "BERGAMASCHI, Elia"]
[Result "1-0"]
[WhiteElo "2435"]
[BlackElo "2061"]
[PlyCount "89"]
[EventDate "2025.10.24"]

1. d4 Nf6 2. Nf3 d5 3. e3 c5 4. Bb5+ Nc6 5. dxc5 e6 6. b4 a5 7. c3 Bd7 8. a4
axb4 9. Bxc6 Bxc6 10. cxb4 b6 11. Bb2 bxc5 12. b5 Bd7 13. Nbd2 Be7 14. O-O O-O
15. Ne5 Qb6 16. Qc2 Rfb8 17. Rfb1 Qc7 18. Bc3 Bd6 19. Qb2 Be8 20. b6 Qb7 21. a5
Ra6 22. Nd3 Rba8 23. Bxf6 gxf6 24. Qxf6 c4 25. Qg5+ Kf8 26. Ne5 Bxe5 27. Qxe5
Rxa5 28. Rxa5 Rxa5 29. Nxc4 Ra6 30. Qd6+ Kg7 31. Ne5 f6 32. Qxe6 fxe5 33. Qxe8
Rxb6 34. Qxe5+ Kg6 35. Rxb6+ Qxb6 36. h4 Qb1+ 37. Kh2 Qd1 38. Qg5+ Kf7 39. Qf5+
Kg7 40. g4 Qb3 41. Kg2 Qb7 42. g5 Qb3 43. h5 Qc4 44. h6+ Kg8 45. g6 1-0

[Event "3o Piacenza Chess Festival - Open A"]
[Site "Piacenza ITA"]
[Date "2025.10.25"]
[Round "4.6"]
[White "MANGILI, Gabriele"]
[Black "MAMMI, Ottavio"]
[Result "0-1"]
[WhiteElo "1984"]
[BlackElo "2182"]
[PlyCount "76"]
[EventDate "2025.10.24"]

1. Nf3 d5 2. b3 Bg4 3. Bb2 Nd7 4. d4 Bxf3 5. exf3 g6 6. g3 Bg7 7. f4 c5 8. Bg2
e6 9. O-O Ne7 10. Nd2 O-O 11. Nf3 Nc6 12. Rb1 cxd4 13. Nxd4 Qb6 14. Nxc6 bxc6
15. Bxg7 Kxg7 16. c4 Rfd8 17. Qc2 Rab8 18. Rfd1 a5 19. Rbc1 Nf6 20. Qb2 h5 21.
h3 a4 22. g4 hxg4 23. hxg4 d4 24. Qe2 Qc7 25. Qf3 axb3 26. axb3 c5 27. f5 exf5
28. gxf5 g5 29. Rd3 Re8 30. Rb1 Qe5 31. Bh3 Rg8 32. Qg2 Nh5 33. Qg4 Nf4 34. Rf3
Kf6 35. Ra1 Ra8 36. Rd1 Rh8 37. Bf1 Rh4 38. Qg3 Rah8 0-1

[Event "3o Piacenza Chess Festival - Open A"]
[Site "Piacenza ITA"]
[Date "2025.10.25"]
[Round "4.7"]
[White "MAGLIONI, Leonardo"]
[Black "PIN, Orlando"]
[Result "1-0"]
[WhiteElo "2103"]
[BlackElo "1955"]
[PlyCount "101"]
[EventDate "2025.10.24"]

1. c4 e5 2. Nc3 Nf6 3. Nf3 Nc6 4. e4 Bb4 5. d3 d6 6. a3 Bc5 7. b4 Bb6 8. Na4
Bg4 9. Be2 Bxf3 10. Bxf3 Nd4 11. Nxb6 axb6 12. O-O O-O 13. g3 Nxf3+ 14. Qxf3
Re8 15. Bb2 Nd7 16. Rae1 c5 17. Qd1 Nf8 18. f4 Ne6 19. f5 Nd4 20. b5 f6 21. g4
h6 22. Bc1 Kf7 23. h4 Ke7 24. Re3 Rh8 25. Rg3 Kd7 26. Rf2 Qe7 27. Rfg2 Rag8 28.
Kf2 Rh7 29. Ke1 g5 30. Rh3 Rhg7 31. hxg5 hxg5 32. Rgh2 Qf7 33. Kf2 Kd8 34. Bd2
Kd7 35. Rh6 Kd8 36. Bc3 Kd7 37. Rh1 Ra8 38. Bb2 Kc7 39. R1h5 Rag8 40. Qh1 Kd7
41. Rh8 Rxh8 42. Rxh8 Rg8 43. Rh6 Rg7 44. Qh5 Ke7 45. Bc3 Nb3 46. a4 Na5 47.
Bxa5 bxa5 48. b6 Qe8 49. Rh8 Qxa4 50. Ke3 Rf7 51. Rc8 1-0

[Event "3o Piacenza Chess Festival - Open A"]
[Site "Piacenza ITA"]
[Date "2025.10.25"]
[Round "4.8"]
[White "BALDI, Matteo"]
[Black "OLUKA, Robert Mcligeyo"]
[Result "1-0"]
[WhiteElo "2008"]
[BlackElo "2090"]
[PlyCount "111"]
[EventDate "2025.10.24"]

1. e4 e5 2. Nf3 Nc6 3. Bb5 a6 4. Ba4 Nf6 5. d3 d6 6. O-O b5 7. Bb3 Na5 8. Nc3
Nxb3 9. axb3 Bg4 10. h3 Bh5 11. Bg5 Be7 12. Bxf6 Bxf6 13. Nd5 c6 14. Nxf6+ Qxf6
15. Ra5 O-O 16. Qe2 Qe6 17. Qe3 Bxf3 18. Qxf3 Rfb8 19. Rfa1 Qc8 20. b4 c5 21.
bxc5 Qxc5 22. c3 Qc6 23. Qd1 g6 24. Qb3 Kg7 25. Qd5 Qxd5 26. exd5 Rb6 27. Kf1
f5 28. Ke2 Kf6 29. b3 e4 30. d4 f4 31. g3 Kf5 32. R1a2 Rc8 33. Rc2 h5 34. gxf4
Kxf4 35. c4 bxc4 36. bxc4 g5 37. c5 g4 38. Rc3 Rb5 39. Rxb5 axb5 40. cxd6 Rd8
41. hxg4 Kxg4 42. Rg3+ Kf4 43. Rh3 Kg4 44. Rg3+ Kf5 45. Rh3 Rh8 46. d7 Kg5 47.
Ke3 h4 48. Kxe4 Kg4 49. Rh1 h3 50. Ke5 b4 51. Kd6 b3 52. Kc7 b2 53. d8=Q Rxd8
54. Kxd8 h2 55. f3+ Kg3 56. Rb1 1-0

[Event "3o Piacenza Chess Festival - Open A"]
[Site "Piacenza ITA"]
[Date "2025.10.25"]
[Round "4.9"]
[White "CANOVA, Luca"]
[Black "BONADE', Massimo"]
[Result "1-0"]
[WhiteElo "1998"]
[BlackElo "2011"]
[PlyCount "125"]
[EventDate "2025.10.24"]

1. d4 Nf6 2. Nf3 g6 3. Nc3 d5 4. Bf4 Bg7 5. Ne5 O-O 6. Qd2 c5 7. e3 cxd4 8.
exd4 Nc6 9. O-O-O Bf5 10. f3 Rc8 11. g4 Be6 12. Bh6 Qa5 13. Bxg7 Kxg7 14. h4
Nb4 15. Kb1 h5 16. a3 Nc6 17. Be2 a6 18. Rdg1 Rh8 19. gxh5 Nxe5 20. dxe5 Nxh5
21. Rg5 Kf8 22. f4 Ke8 23. Bxh5 Rxh5 24. Rxh5 gxh5 25. Qd3 d4 26. Qxd4 Rc4 27.
Qe3 Bf5 28. Rd1 e6 29. Qa7 Qc7 30. Qa8+ Qc8 31. Qxc8+ Rxc8 32. Rd4 Ke7 33. Rb4
Rc7 34. Kc1 Rd7 35. Ne2 Bg4 36. Nc3 f6 37. b3 fxe5 38. fxe5 Bf5 39. a4 Kf7 40.
a5 Rc7 41. Kb2 Ke7 42. Rb6 Kd8 43. b4 Kc8 44. Kb3 Rg7 45. b5 axb5 46. Nxb5 Rg3+
47. c3 Rg4 48. Nd6+ Kc7 49. Rxb7+ Kc6 50. a6 Rg8 51. a7 Ra8 52. Kb4 Bd3 53. c4
Be2 54. Re7 Bg4 55. Ka5 Be2 56. Nb5 Bxc4 57. Rc7+ Kd5 58. Kb6 Bxb5 59. Rc5+ Kd4
60. Rxb5 Kc4 61. Rb1 Re8 62. Ra1 Kd5 63. a8=Q+ 1-0

[Event "3o Piacenza Chess Festival - Open A"]
[Site "Piacenza ITA"]
[Date "2025.10.25"]
[Round "4.10"]
[White "FRANZA, Marco"]
[Black "BOSI, Clint"]
[Result "1-0"]
[WhiteElo "2088"]
[BlackElo "2067"]
[PlyCount "79"]
[EventDate "2025.10.24"]

1. e4 e6 2. d4 d5 3. Nc3 Bb4 4. e5 c5 5. Qg4 Ne7 6. Nf3 Nbc6 7. dxc5 d4 8. Bb5
Qa5 9. Bxc6+ bxc6 10. Qxd4 Bxc3+ 11. Qxc3 Qxc3+ 12. bxc3 Ba6 13. Be3 Nd5 14.
Kd2 Kd7 15. Rab1 Rhb8 16. Ng5 f6 17. exf6 gxf6 18. Ne4 Kc7 19. Nd6 Rg8 20. g3
e5 21. c4 Ne7 22. Rb4 Rgb8 23. Rhb1 Rxb4 24. Rxb4 Kd7 25. f4 Ke6 26. Kd3 Nd5
27. Ra4 Nc7 28. f5+ Ke7 29. Rb4 Rd8 30. Ke4 Rg8 31. Kf3 h5 32. h3 Rh8 33. Rb1
Rg8 34. g4 hxg4+ 35. hxg4 Kd7 36. Rh1 Rg7 37. Rh8 Ke7 38. g5 fxg5 39. Kg4 Kf6
40. Rh6+ 1-0

[Event "3o Piacenza Chess Festival - Open A"]
[Site "Piacenza ITA"]
[Date "2025.10.26"]
[Round "5.1"]
[White "TIRELLI, Mauro"]
[Black "HERCEGOVAC, Neven"]
[Result "1/2-1/2"]
[WhiteElo "2261"]
[BlackElo "2287"]
[PlyCount "77"]
[EventDate "2025.10.24"]

1. e4 c5 2. Nf3 Nc6 3. d4 cxd4 4. Nxd4 g6 5. c4 Bg7 6. Be3 Qb6 7. Nb3 Qd8 8.
Qd2 Nf6 9. f3 O-O 10. Nc3 d6 11. Be2 a5 12. Nd4 Nxd4 13. Bxd4 a4 14. O-O Qa5
15. Rfd1 Be6 16. Nb5 Qxd2 17. Rxd2 Rfc8 18. Rc2 Nd7 19. Bxg7 Kxg7 20. Nd4 Nc5
21. Rb1 Na6 22. b4 axb3 23. axb3 Nb4 24. Rd2 Ra5 25. f4 Rca8 26. Bf3 Bc8 27.
Kf1 h5 28. Ke2 Kf6 29. Nc2 Nxc2 30. Rxc2 Ra1 31. Rxa1 Rxa1 32. c5 dxc5 33. Rxc5
Be6 34. Rb5 Rb1 35. Rxb7 Rxb3 36. Rxb3 Bxb3 37. e5+ Ke6 38. Bb7 f6 39. exf6
1/2-1/2

[Event "3o Piacenza Chess Festival - Open A"]
[Site "Piacenza ITA"]
[Date "2025.10.26"]
[Round "5.2"]
[White "ROSTALNYI, Kyrylo"]
[Black "CASADIO, Niccolo'"]
[Result "0-1"]
[WhiteElo "2079"]
[BlackElo "2186"]
[PlyCount "94"]
[EventDate "2025.10.24"]

1. d4 Nf6 2. c4 e6 3. Nc3 d5 4. cxd5 exd5 5. Bg5 Bb4 6. Qa4+ Nc6 7. e3 h6 8.
Bh4 Bf5 9. Bb5 Bd7 10. Nge2 g5 11. Bg3 Qe7 12. Bxc7 Rc8 13. Bg3 a6 14. Bxc6
Rxc6 15. Qb3 Ne4 16. a3 Bxc3+ 17. Nxc3 Nxc3 18. bxc3 Be6 19. h4 g4 20. h5 O-O
21. Kd2 Rfc8 22. Bf4 Rxc3 23. Qxc3 Rxc3 24. Kxc3 Bf5 25. f3 Qd8 26. Rac1 Qa5+
27. Kb2 Qb5+ 28. Ka2 Qe2+ 29. Ka1 Bc2 30. Rxc2 Qxc2 31. fxg4 Qxg2 32. Rc1 Qxg4
33. Bxh6 Qxh5 34. Bf4 b5 35. Rc8+ Kh7 36. Rc5 Qe2 37. Kb1 a5 38. Rc2 Qd3 39.
Kb2 b4 40. axb4 axb4 41. Rh2+ Kg6 42. Rg2+ Kf5 43. Rg5+ Kf6 44. Rg2 Kf5 45. Bd6
Qa3+ 46. Kb1 Ke4 47. Rb2 Qd3+ 0-1

[Event "3o Piacenza Chess Festival - Open A"]
[Site "Piacenza ITA"]
[Date "2025.10.26"]
[Round "5.3"]
[White "NIKOLOVSKI, Nikola"]
[Black "PISKOV, Yury"]
[Result "1-0"]
[WhiteElo "2402"]
[BlackElo "2435"]
[PlyCount "119"]
[EventDate "2025.10.24"]

1. e4 e6 2. d4 d5 3. exd5 exd5 4. Bf4 Nf6 5. Nc3 Bb4 6. Bd3 c5 7. dxc5 O-O 8.
Nge2 Bxc5 9. O-O Nc6 10. Ng3 Be6 11. a3 a6 12. h3 Re8 13. Nh5 Nxh5 14. Qxh5 g6
15. Qg5 Be7 16. Qg3 Bh4 17. Qh2 Rc8 18. Rad1 Qb6 19. Na4 Qa5 20. b3 Be7 21. Bd2
Qd8 22. b4 a5 23. c3 axb4 24. axb4 Bf6 25. Bb5 Bf5 26. Be3 Rxe3 27. fxe3 Be5
28. g3 Qg5 29. Rf4 Bxf4 30. exf4 Qe7 31. Nb6 Rd8 32. Nxd5 Rxd5 33. Rxd5 Qe1+
34. Bf1 Qxc3 35. Qf2 Qxb4 36. Rb5 Qe7 37. Bg2 h5 38. Kh2 h4 39. gxh4 Be4 40.
Qe3 Bxg2 41. Qxe7 Nxe7 42. Kxg2 Kg7 43. h5 gxh5 44. Rxh5 f5 45. Kf3 b5 46. Rg5+
Kf6 47. Rg1 b4 48. Ra1 Ke6 49. Re1+ Kd6 50. h4 Nd5 51. h5 Nf6 52. h6 b3 53. Rb1
Ke6 54. Rxb3 Kf7 55. Rb7+ Kg6 56. Rb6 Kf7 57. Kg3 Nh5+ 58. Kf3 Nf6 59. Ra6 Kg6
60. h7 1-0

[Event "3o Piacenza Chess Festival - Open A"]
[Site "Piacenza ITA"]
[Date "2025.10.26"]
[Round "5.4"]
[White "MAMMI, Ottavio"]
[Black "MAGLIONI, Leonardo"]
[Result "0-1"]
[WhiteElo "2182"]
[BlackElo "2103"]
[PlyCount "78"]
[EventDate "2025.10.24"]

1. c4 c5 2. Nc3 Nc6 3. g3 g6 4. Bg2 Bg7 5. Rb1 d6 6. a3 a5 7. e3 h5 8. h3 Nh6
9. Nge2 Nf5 10. b3 Rb8 11. Bb2 O-O 12. Nf4 e5 13. Nfd5 Bd7 14. O-O Nce7 15. b4
Nxd5 16. Nxd5 cxb4 17. axb4 axb4 18. d4 exd4 19. e4 Ne7 20. Bxd4 Bxd4 21. Qxd4
Nxd5 22. cxd5 b5 23. Rfc1 Qe7 24. f4 Rfc8 25. Qxb4 Qf6 26. h4 Ra8 27. Kh1 Rxc1+
28. Rxc1 Ra4 29. Qd2 Qd4 30. Qxd4 Rxd4 31. e5 dxe5 32. Rc7 Bf5 33. fxe5 Rd1+
34. Kh2 Rd2 35. Kg1 Bg4 36. d6 Rd1+ 37. Bf1 Bh3 38. Kh2 Bxf1 39. d7 Kf8 0-1

[Event "3o Piacenza Chess Festival - Open A"]
[Site "Piacenza ITA"]
[Date "2025.10.26"]
[Round "5.5"]
[White "DIONIGI, Riccardo"]
[Black "MARZATICO, Luca"]
[Result "1/2-1/2"]
[WhiteElo "2071"]
[BlackElo "2087"]
[PlyCount "80"]
[EventDate "2025.10.24"]

1. d4 Nf6 2. c4 e6 3. Nf3 d5 4. e3 a6 5. b3 Nbd7 6. Bd3 c5 7. O-O b6 8. cxd5
Nxd5 9. Bb2 Bb7 10. Nc3 Nxc3 11. Bxc3 Nf6 12. Qe2 Ne4 13. Bb2 Qd5 14. dxc5 Bxc5
15. Rfd1 O-O 16. Bc4 Qf5 17. Bd4 Ng5 18. Nxg5 Qxg5 19. f4 Qe7 20. Bxc5 Qxc5 21.
Rac1 Qa5 22. Qd2 Qh5 23. a4 Qh4 24. Qf2 Qe7 25. Rd4 Rfd8 26. Rcd1 Rxd4 27. Rxd4
Rd8 28. Qd2 Rxd4 29. Qxd4 Qc7 30. h3 h6 31. Bf1 a5 32. b4 axb4 33. Qxb4 Bd5 34.
Qd4 Qc1 35. Kf2 Qb1 36. Be2 Qe4 37. Qxe4 Bxe4 38. Bf3 Bc2 39. Bc6 Kf8 40. e4 g5
1/2-1/2